• 首页
  • 本馆介绍
  • 公告通知
  • 最新文献
  • 馆藏检索
  • 电子资源
  • 读者导购
  • 参考咨询
  • 我的图书馆
  • 登录
  • 详细信息显示
  • 放入我的书架
  • 预约/预借图书
  • 作者相关作品
  • 分类相关作品
  • 丛书相关作品
  • 出版社相关作品

书目信息

  • 表格格式
  • 工作单格式
  • 卡片格式
书名: responses on Paul de Man's Wartune Journalism
作者: Werner Hamacher.
分册号:
分册名:
出版地:
 
出版社: the University of Nebraska Press
出版时间: 1989.
页数: 476 p. ;
开本: 29cm.
丛书名:
中图分类号:
科图分类号:
其他分类号: G214.2
主题词:
电子资源:
000 00412nam 2200145 a 4500
001 E0734226328
005 20070513093746.98
008 070513s1989 00010 eng
020    @a0-8032-2352-8.
040    @aPFT@beng
090    @aG214.2
099    @dG214.2@ex37
245 1  @aresponses on Paul de Man's Wartune Journalism / @cWerner Hamacher.
260    @bthe University of Nebraska Press,@c1989.
300    @a476 p. ;@c29cm.
    
    responses on Paul de Man's Wartune Journalism / / Werner Hamacher.-the University of Nebraska Press, , 1989.
    476 p. ; ; 29cm.
    
    
    ISBN 0-8032-2352-8.
    
●
相关链接 在E读中查询图书 在五车中查询图书 在当当中查询图书 在豆瓣中查询图书


正题名:responses on Paul de Man's Wartune Journalism     索取号:G214.2/x37         预约/预借

序号 登录号 条形码 馆藏地/架位号 状态 备注
1 008395   300083950   第二样本阅览室/ [索取号:G214.2/x37] 在馆    
2 008396   300083969   第四借阅区/ [索取号:G214.2/x37] 在馆    
唐山师范学院图书馆 欢迎您!
大连网信软件有限公司© 版权所有